Skúsenosti s výpočtom tvorby a použitia národného dôchodku za národné republiky a kraje ČSSR

Bibliographic Details
Main Authors: Súsedka, Pavel (Author), Mizera, Štefan (Author)
Format: Article
Language:Slovak
Subjects:

MARC

LEADER 00000nab a2200000Ia 4500
001 vtls010816737
003 SK-MaSNL
005 20260311224923.0
008 230218|1975 xo |||||||||||||||||slo|
035 |a (urnnbn)urn:nbn:sk:snk:ar-a059ox 
035 |a urn:nbn:sk:snk-ab5l1n 
035 |a (uuid)d05eabb3-f023-4b74-96a7-f595bd465c21 
040 |a SNKBUCL  |b slo  |c SNKBUCL  |e AACR2 
041 0 |a slo  |b eng  |b rus 
044 |a xo  |c SK 
080 |a 330.56  |2 2001 
080 |a 330.34  |2 2001 
080 |a 353.2  |2 2001 
080 |a (437)  |2 2001 
100 1 |a Súsedka, Pavel  |4 aut  |9 1351838 
245 1 0 |a Skúsenosti s výpočtom tvorby a použitia národného dôchodku za národné republiky a kraje ČSSR  |c Pavel Súsedka, Štefan Mizera 
504 |a Bibliogr. odkazy 
546 |a Res. angl., rus. 
650 0 7 |a národný dôchodok  |2 SNKPH  |9 2323 
650 0 7 |a ekonomický rozvoj  |2 SNKPH  |9 49952 
650 0 7 |a kraje  |2 SNKPH  |9 30530 
651 7 |a Československo  |2 SNKPH  |9 21376 
700 1 |a Mizera, Štefan  |4 aut  |9 497638 
773 0 |t Ekonomický časopis : časopis pre ekonomickú teóriu, hospodársku politiku, spoločensko-ekonomické prognózovanie  |g Roč. 23, č. 1 (1975), s. 13-31 
954 |a odborná, vedecká literatúra pôvodná (slovenská)  |2 lita 
958 |a NB 
958 |a OND 
958 |a EUIPO 
958 |a article5 
999 |c 3263271  |d 3265201